| 000 | 00000nas 2200000zi 4500 |
| 001 | 9.869355 |
| 003 | CaOODSP |
| 005 | 20250718102148 |
| 006 | m o d f |
| 007 | cr cn||||||||| |
| 008 | 190306c20159999oncar p|o f0 a0eng| |
| 022 | |a2562-444X |
| 040 | |aCaOODSP|beng|erda|cCaOODSP |
| 043 | |an-cn--- |
| 086 | 1 |aSB1-15E-PDF |
| 222 | 0|aAnnual report on the Privacy Act ... |b(Library and Archives Canada) |
| 245 | 00|aAnnual report on the Privacy Act ... / |cLibrary and Archives Canada. |
| 264 | 1|aOttawa, Ontario : |bLibrary and Archives Canada = Bibliothèque et archives Canada, |c[2015]- |
| 310 | |aAnnual |
| 336 | |atext|btxt|2rdacontent |
| 337 | |acomputer|bc|2rdamedia |
| 338 | |aonline resource|bcr|2rdacarrier |
| 362 | 1 |aBegan with: 2014/2015. |
| 500 | |aIssued also in French under title: Rapport annuel sur la Loi sur la protection des renseignements personnels ... |
| 692 | 07|2gccst|aPrivacy |
| 692 | 07|2gccst|aGovernment services |
| 710 | 2 |aLibrary and Archives Canada. |
| 775 | 08|tRapport annuel sur la Loi sur la protection des renseignements personnels... / |w(CaOODSP)9.869357 |
| 780 | 00|tAdministration of the Privacy Act, annual report ... / |w(CaOODSP)9.869382 |